LEADER 01460nam a2200349 u 4500 001 000000011912 003 CaOOAMICUS 005 20100915103844.0 008 940712s1923 fr u000 u fre u 035 $a10291959 040 $aEFR$bita$dPUL(R) 041 1 $afre$alat 082 04$a870 100 1 $aCicero, Marcus Tullius,$d106-43 a.C.$0(OLS)http://pul/name/553 240 10$aBrutus$9(Cicero, Marcus Tullius, 106-43 a.C.).$lFrancese e latino.$0(OLS)http://pul/title/17241 245 10$aBrutus /$cCicéron ; texte établi et traduit par Jules Martha. 260 $aParis :$bLes Belles Lettres,$c1923. 300 $axiv, 139 p. ;$c20 cm 490 1 $aCollection des universités de France 500 $a"Le texte du Brutus": p. ix-xi. 500 $aIndex: p. [125]-139. 700 1 $aMartha, Jules,$d1853-1932.$0(OLS)http://pul/name/6029 830 0$aCollection des universités de France.$0(OLS)http://pul/title/1172 850 $aPUL 852 $aPUL$W1$xSL Cons. Gen., Altre Classi 3$y75$m870 COLL 2.CIC.3$j16811$nBK-PRI$qDDC 21$B16811$CPULBib$Z2$F16811 $H79986 $82 900 $aCicerone, Marco Tullio,$d106-43 a.C.$9553 900 $aCicerone,$d106-43 a.C.$9553 941 1 $a9 961 $aINV: 5. tiratura (1973). 996 $6082$a870$9(OLS)http://pul/classification/727 996 $6245$aBrutus$9(OLS)http://pul/title/17242 996 $6260$aParis :$bLes Belles Lettres$9(OLS)http://pul/publisher/48357 LEADER 01624nam a2200349 a 4500 001 000000133566 003 CaOOAMICUS 005 20130412144956.0 008 130412s2008 maua u000 u eng r 020 $z9780262515061* 040 $aPUL$bita 041 1 $aeng$hita 082 04$a401 100 1 $aMoro, Andrea.$0(OLS)http://pul/name/86042 240 10$aConfini di Babele.$lInglese.$0(OLS)http://pul/title/168826 245 14$aThe boundaries of Babel :$bthe brain and the enigma of impossible languages /$cAndrea Moro ; translated from Italian by Ivano Caponigro and Daniel B. Kane. 260 $aCambridge, Massachusetts, and London :$bMIT Press,$c©2008. 300 $axvi, 257 p. :$bill. ;$c22 cm 490 1 $aCurrent studies in linguistics ;$v46 504 $aBibliografia p. [231]-243. 650 4$aPsicolinguistica.$0(OLS)http://pul/subject/12201 700 1 $aCaponigro, Ivano.$0(OLS)http://pul/name/86043 700 1 $aKane, Daniel B.$0(OLS)http://pul/name/86044 830 0$aCurrent studies in linguistics ;$v46.$0(OLS)http://pul/title/168824 850 $aPUL 852 $aPUL$W1$xSL Cons. Gen., Altre Classi 3$y75$m401 MORAN 1$j153496$qDDC 21$B153069$CPULBib$Z2$F153069 $H122169 $82 941 1 $a9 996 $6020$z9780262515061*$9(OLS)http://pul/number/152433 996 $6082$a401$9(OLS)http://pul/classification/494 996 $6245$aThe boundaries of Babel :$bthe brain and the enigma of impossible languages$9(OLS)http://pul/title/168825 996 $6260$aCambridge, Massachusetts, and London :$bMIT Press$9(OLS)http://pul/publisher/81784